000 02030nam0a2200409 4500
001 RU\NLR\BIBL_A\022637120
005 20260210163814.0
010 _a978-5-4439-1930-0
_91000
021 _aRU
_bКН-П-25-049277
_9КН-П-25-4766
035 _a(NLR Aleph) 022637120
090 _a13551703
_c13551703
100 _a20251006d2025 u y0rusy50 ca
101 0 _arus
102 _aRU
105 _aac z 000yy
181 0 _ai3
_baxxe
182 0 _an
200 1 _aЛингвистика для всех. XI Летняя лингвистическая школа
_eматериалы XI Летней лингвистической школы для школьников старших классов, проведенной в 2009 году
_eсборник
_fредакторы-составители: Е. В. Муравенко [и др.]
203 _aТекст
_bвизуальный
_cнепосредственный
210 _aМосква
_cМЦНМО
_d2025
215 _a284, [2] с.
_cил., табл., портр.
_d22
320 _aБиблиогр. в конце ст. и в подстроч. примеч.
333 _a12+
517 1 _aXI Летняя лингвистическая школа
606 1 _aЯзыкознание
_jСборники
_9911558
_3RU\NLR\AUTH\6613279
606 1 _aЯзыкознание
_jСборники
_xФакультативные занятия
_xСредняя школа
_92362580
_3RU\NLR\AUTH\661410704
606 1 _aЯзыкознание
_jСборники
_xОлимпиады школьные
_92362582
_3RU\NLR\AUTH\661410705
686 1 _aЧ426.11-263я43
686 1 _aЧ426.11-382.61я43
686 1 _aШ1я43
702 1 _aМуравенко
_bЕ. В.
_gЕлена Владимировна
_4220
711 1 2 _aЛетняя лингвистическая школа
_d11
_eДубна
_f2009
_92681464
_3RU\NLR\AUTH\880632698
942 _cBOOK
980 _aNB